000 00275nam a2200121Ia 4500
008 191201s2014 xx 000 0 und d
100 _aSETH,M.L.
245 0 _aMacroeconomics
260 _aN. Delhi
_bLakshmi Maraian
_c2014
300 _a720
650 _aBBA
942 _2ddc
_cBK
999 _c6211
_d6211